00558nam a2200193Ia 4500008004100000020001500041082000800056100002200064245006400086250000600150260002700156300001100183500002400194650001000218700002200228942000700250952009000257999001700347230524s9999 xx 000 0 und d a8180140091 bGUP aB.L.Gupta 942828 0a"Roads,Railways,Bridges,Tunnels & Harbour Dock Engineering" a5 aNew DelhibDhanpat rai a2014p: aQuantity Number: 1 aCivil aAmit Gupta942829 cBK 00104070aTATCLbTATCLcGENd2023-05-24l0o GUPp54112r2023-05-24w2023-05-24yBK c57800d57800